000 01023nam a2200277Ia 4500
003 OSt
005 20220930080225.0
006 a|||||r|||| 00| 0
007 ta
008 220926b |||||||| |||| 00| 0 eng d
024 _a85983
037 _cTheses
040 _aCRL
_cCRL
_beng
041 _2eng
_aeng
100 _aAnuradha Singh
_9538343
110 _aUniversity of Delhi. Faculty of Medical Sciences. Department of Obstetrics and Gynaecology
245 0 _aStudy of colposcopic and histopathologic findings in women with abnormal PAP smear and its correlation with HPV and HIV infection
260 _c2006
650 _aWOMEN - DISEASES
700 _a Dr. Abha Singh Gu.
_9533708
700 _a Dr. B L Sherwal Gu.
_9536933
700 _a Dr. Veena Singh Gu.
_9538344
700 _aUniversity of Delhi. Faculty of Medical Sciences. Department of Obstetrics and Gynaecology
942 _cDIS
_2CC
999 _c869479
_d869479